Taylor Swift 116 - Statistics

General Stats
  • This quiz has been taken 7 times
    5 since last reset
  • The average score is 418 of 438
Answer Stats
Answer % Correct
a
100%
ain't
100%
all
100%
and
100%
any
100%
at
100%
babe
100%
bar
100%
been
100%
best
100%
blue
100%
but
100%
can
100%
can't
100%
'cause
100%
chill
100%
color
100%
cool
100%
could
100%
damn
100%
delicate
100%
dive
100%
do
100%
drink
100%
ever
100%
eyes
100%
for
100%
hands
100%
head
100%
I
100%
in
100%
into
100%
is
100%
it
100%
it's
100%
just
100%
know
100%
like
100%
look
100%
make
100%
me
100%
meet
100%
mine
100%
must
100%
my
100%
never
100%
now
100%
of
100%
oh
100%
on
100%
pretend
100%
promises
100%
reputation's
100%
said
100%
seen
100%
Side
100%
so
100%
that
100%
the
100%
things
100%
think
100%
this
100%
time
100%
we
100%
West
100%
when
100%
where
100%
worse
100%
you
100%
your
100%
you're
100%
are
75%
back
75%
dark
75%
don't
75%
dreaming
75%
East
75%
echoes
75%
footsteps
75%
fun
75%
girls
75%
hair
75%
handsome
75%
here
75%
home
75%
honey
75%
isn't
75%
jeans
75%
lights
75%
long
75%
mansion
75%
night
75%
nightstand
75%
Nikes
75%
phone
75%
share
75%
sleep
75%
sometimes
75%
soon
75%
stairs
75%
stay
75%
to
75%
too
75%
touch
75%
up
75%
view
75%
wanna
75%
with
75%
wonder
75%
yet
75%
come
50%
floor
25%
third
25%
No matching quizzes found
Score Distribution
Percent of People with Each Score
Percentile by Number Answered
Your Score History
You have not taken this quiz since the last reset